បញ្ហាថ្នាំកសិកម្មនៅប្រទេសកម្ពុជា (Record no. 22544)
[ view plain ]
| 000 -LEADER | |
|---|---|
| fixed length control field | 00376nam a22001217a 4500 |
| 040 ## - CATALOGING SOURCE | |
| Transcribing agency | RUA |
| 082 ## - DEWEY DECIMAL CLASSIFICATION NUMBER | |
| Classification number | FAO IPM 2005 C217 Or. |
| 100 ## - MAIN ENTRY--AUTHOR NAME | |
| Personal name | អ៊ុំ អេងសេដ្ឋា |
| 245 ## - TITLE STATEMENT | |
| Title | បញ្ហាថ្នាំកសិកម្មនៅប្រទេសកម្ពុជា |
| 260 ## - PUBLICATION, DISTRIBUTION, ETC. (IMPRINT) | |
| Place of publication | phnom penh |
| Name of publisher | rua |
| Year of publication | 2005 |
| 300 ## - PHYSICAL DESCRIPTION | |
| Number of Pages | 125p. |
| Other physical details | ill. |
| Dimensions | 29cm. |
| 942 ## - ADDED ENTRY ELEMENTS (KOHA) | |
| Koha item type | ឯកសារស្រាវជ្រាវ |
| 952 ## - LOCATION AND ITEM INFORMATION (KOHA) | |
| Withdrawn status [LOCAL, KOHA] | 0 |
| Permanent Location | Date acquired | Koha item type | Lost status | Shelving location | Barcode | Current Location | Full call number |
|---|---|---|---|---|---|---|---|
| Library Block C | 2024-01-15 | ឯកសារស្រាវជ្រាវ | C217 | rua41406 | Library Block C | FAO IPM 2005 C217 Or. |